Movies Quiz

Random Movies or Disney Quiz

The Highest Grossing Movie That... Quiz Stats

Quiz Updated Feb 1, 2018

Challenge
Share
Tweet
Embed
Score 0/13 Timer 07:00
7 Plays Today
Name the highest grossing movie that... Movie % Correct
...is a Pixar movieFinding Dory
73.9%
...is a James Bond filmSkyfall
64.4%
...won Best Picture at the OscarsTitanic
62.7%
...stars Will SmithSuicide Squad
54.3%
...was directed by Quentin TarantinoDjango Unchained
52.8%
...stars Meryl StreepMamma Mia!
36.6%
...begins with the letter 'Z'Zootopia
34.5%
...has a Rotten Tomatoes score less than 60%Star Wars: Episode I - The Phantom Menace
18.1%
...is rated RThe Passion of the Christ
15.8%
...debuted at #2Inside Out
14.1%
...is a documentary featureFahrenheit 9/11
13.2%
...was directed by a European directorThe Dark Knight (Christopher Nolan)
12.2%
...is shorter than 90 minutesThe Lion King
10.8%

You're not logged in!

Compare scores with friends on all Sporcle quizzes.
Join for Free
OR
Log In

You Might Also Like...

Show Comments

Extras

Top Quizzes Today


Score Distribution

Your Account Isn't Verified!

In order to create a playlist on Sporcle, you need to verify the email address you used during registration. Go to your Sporcle Settings to finish the process.

Report this User

Report this user for behavior that violates our Community Guidelines.

Details: